Statystyki dla Państwa mające zwycięstwa w Formule 1

Kliknij tutaj aby rozwiązać quiz!

Ogólne statystyki

  • Ten quiz został rozwiązany 205 razy
  • Średni wynik to 19 z 23

Statystyki odpowiedzi

PaństwoLiczba wygranych% Poprawnych
Niemcy179
99%
Włochy43
98%
Stany Zjednoczone33
97%
Polska1
97%
Francja81
96%
Hiszpania33
96%
Wielka Brytania308
95%
Brazylia101
90%
Kanada17
90%
Finlandia57
89%
Holandia26
88%
Australia43
86%
Argentyna 38
84%
Meksyk6
84%
Austria41
83%
Szwecja12
76%
Belgia11
74%
Monako5
74%
Szwajcaria7
66%
Kolumbia7
59%
RPA10
59%
Nowa Zelandia12
54%
Wenezuela1
48%

Rozkład punktacji

Percentyl według liczby udzielonych odpowiedzi

Procent ludzi z każdym wynikiem

Twoja historia wyników

Nie rozwiązałeś tego quizu